Statistics for Cleveland Cavaliers Triple Double

Click here to take the quiz!

General Stats

  • This quiz has been taken 16 times
  • The average score is 5 of 14

Answer Stats

Player Nb Last % Correct
LeBron James642018
100%
Kyrie Irving12014
81%
Brad Daugherty41992
69%
Larry Nance11992
69%
Mark Price11990
63%
John Johnson51972
31%
Andre Miller42002
25%
Ron Harper11989
25%
John Bagley21985
6%
Foots Walker21979
6%
Campy Russell11979
6%
Bobby Phills11995
0%
Steve Patterson11974
0%
McCoy McLemore11971
0%

Score Distribution

Percentile by Number Answered

Percent of People with Each Score

Your Score History

You have not taken this quiz